Statistics for Dungeons & Dragons trivia

Click here to take the quiz!

General Stats

  • This quiz has been taken 393 times
  • The average score is 11 of 25

Answer Stats

HintAnswer% Correct
What is the current edition of Dungeons & Dragons?5th edition
97%
What are the three "core rulebooks" of most editions of D&D?Player's Handbook
77%
Monster Manual
73%
Dungeon Master's Guide
72%
What company purchased TSR in 1997?Wizards of the Coast
70%
What famous D&D adventure features the vampire Strahd von Zarovich?Ravenloft
68%
Unfounded moral panic in the 1980's falsely linked the game to which religion?Satanism
67%
What year was the first version of D&D published?1974
66%
Who are the original designers of D&D?Gary Gygax
66%
What other role-playing game, first published in 2009, updates and expands upon the rules from the 3.5 edition of D&D?Pathfinder
60%
What Geek & Sundry web series features a group of professional voice actors streaming their D&D games on Twitch and YouTube?Critical Role
59%
What company purchased that company in 1999?Hasbro
43%
What popular character, created by R.A. Salvatore, is a drow (dark elf) that wields a pair of magical scimitars?Drizzt Do'Urden
40%
What was the more complex, rules-heavy version of the game published from 1977 through 1997?Advanced Dungeons & Dragons
35%
Which D&D world was the result of a Fantasy Setting Search contest in 2002?Eberron
32%
What does the acronym THAC0 from older editions of D&D stand for?To Hit Armor Class 0
32%
What D&D world featured a popular series of novels featuring the character Raistlin Majere?Dragonlance
23%
Which (in)famous D&D adventure is referenced in the novel Ready Player One by Ernest Cline?Tomb of Horrors
21%
The original D&D rules borrowed heavily from what medieval miniature war game?Chainmail
16%
What is the largest annual gaming convention in North America for tabletop role-playing games, particularly D&D?Gen Con
14%
What public copyright document did D&D publishers release in 2000, granting permission for third-party publishers to publish material compatible with D&D?Open Game License
13%
Dave Arneson
10%
D&D's magic system, in which wizards must memorize spells anew every day, was heavily influenced by the works of which fantasy author?Jack Vance
9%
Which fundamentalist Christian cartoonist created the comic Dark Dungeons, which portayed D&D as a gateway to actual witchcraft?Jack Chick
7%
The company that originally published D&D was TSR, Inc. What did the letters stand for?Tactical Studies Rules
4%

Score Distribution

Percentile by Number Answered

Percent of People with Each Score

Your Score History

You have not taken this quiz